|
|
|
|
| LEADER |
00000nam0a2200000 4500 |
| 001 |
262024 |
| 005 |
20231101233621.0 |
| 035 |
|
|
|a (RuTPU)RU\TPU\book\285006
|
| 090 |
|
|
|a 262024
|
| 100 |
|
|
|a 20140529d1987 m y0rusy50 ca
|
| 101 |
0 |
|
|a rus
|
| 102 |
|
|
|a UA
|
| 105 |
|
|
|a a j 001zy
|
| 200 |
1 |
|
|a Технология подземной разработки рудных месторождений
|e учебник
|f С. Г. Борисенко
|
| 210 |
|
|
|a Киев
|c Вища школа
|d 1987
|
| 215 |
|
|
|a 262 с.
|c ил.
|
| 320 |
|
|
|a Предм. указ.: с. 255-257.
|
| 320 |
|
|
|a Список использованной литературы: с. 258.
|
| 606 |
1 |
|
|a Рудничное оборудование
|x Для подземных работ
|2 stltpush
|3 (RuTPU)RU\TPU\subj\25636
|9 49740
|
| 610 |
1 |
|
|a подземная разработка
|
| 610 |
1 |
|
|a рудные месторождения
|
| 610 |
1 |
|
|a учебники
|
| 610 |
1 |
|
|a технологическая характеристика
|
| 610 |
1 |
|
|a шахтные поля
|
| 610 |
1 |
|
|a вскрытие
|
| 610 |
1 |
|
|a горизонтальные месторождения
|
| 610 |
1 |
|
|a очистные работы
|
| 610 |
1 |
|
|a промышленные площадки
|
| 610 |
1 |
|
|a добыча
|
| 610 |
1 |
|
|a окружающая среда
|
| 675 |
|
|
|a 622.272(075.8)
|v 3
|
| 700 |
|
1 |
|a Борисенко
|b С. Г.
|g Сергей Григорьевич
|
| 801 |
|
1 |
|a RU
|b 63413507
|c 20140529
|
| 801 |
|
2 |
|a RU
|b 63413507
|c 20151212
|g RCR
|
| 942 |
|
|
|c BK
|